[Event "XV  MIEDZYNARODOWY FESTIWAL  SZACHOWY "]
[Site "Rewal"]
[Date "2010.08.27"]
[Round "8.11"]
[White "Skawinski, Arkadiusz"]
[Black "Robak, Zbigniew"]
[Result "1-0"]
[WhiteElo "2233"]
[BlackElo "2278"]
[PlyCount "37"]
[EventDate "2010.??.??"]

1. e4 d6 2. d4 Nf6 3. Nc3 g6 4. f4 Bg7 5. Nf3 O-O 6. e5 Nfd7 7. h4 c5 8. h5
cxd4 9. hxg6 dxc3 10. gxf7+ Rxf7 11. Bc4 e6 12. Ng5 Nxe5 13. Qh5 Qa5 14. b4 Qa4
15. fxe5 Rf5 16. Bxe6+ Bxe6 17. Qxh7+ Kf8 18. Nxe6+ Ke7 19. Qxf5 1-0

[Event "XV  MIEDZYNARODOWY FESTIWAL  SZACHOWY "]
[Site "Rewal"]
[Date "2010.08.27"]
[Round "8.12"]
[White "Szuper, Paul"]
[Black "Nasuta, Grzegorz"]
[Result "1-0"]
[WhiteElo "2192"]
[BlackElo "2102"]
[PlyCount "67"]
[EventDate "2010.??.??"]

1. d4 Nf6 2. Nf3 g6 3. c4 Bg7 4. Nc3 d5 5. cxd5 Nxd5 6. e4 Nxc3 7. bxc3 c5 8.
Be3 O-O 9. Rc1 Qc7 10. Be2 Rd8 11. O-O b6 12. Qd2 Bb7 13. d5 c4 14. Bd4 e5 15.
dxe6 fxe6 16. Qg5 Rf8 17. Bxg7 Kxg7 18. Nd4 Re8 19. Nb5 Qc6 20. Qe5+ Kg8 21.
Nc7 Nd7 22. Qg3 e5 23. Nxa8 Bxa8 24. Rcd1 b5 25. Rd5 b4 26. Rfd1 Nb6 27. Rxe5
Rxe5 28. Qxe5 Qxe4 29. Rd8+ Kf7 30. Qc7+ Kf6 31. Rd6+ Kg5 32. Qd8+ Kh6 33. Qf8+
Kg5 34. h4+ 1-0

[Event "XV  MIEDZYNARODOWY FESTIWAL  SZACHOWY "]
[Site "Rewal"]
[Date "2010.08.27"]
[Round "8.14"]
[White "Guzik, Jolanta"]
[Black "Siwiec, Arkadiusz"]
[Result "1/2-1/2"]
[WhiteElo "2112"]
[BlackElo "2119"]
[PlyCount "41"]
[EventDate "2010.??.??"]

1. c4 Nf6 2. Nc3 e5 3. g3 d5 4. cxd5 Nxd5 5. Bg2 Nb6 6. Nf3 Nc6 7. d3 Be7 8.
O-O O-O 9. Be3 f6 10. Na4 Kh8 11. Rc1 Nb4 12. a3 Nxa4 13. Qxa4 Nd5 14. Bc5 c6
15. Nd2 Bxc5 16. Rxc5 Be6 17. Rfc1 Nb6 18. Qh4 Qd4 19. Qxd4 exd4 20. Ne4 a5 21.
Nd6 1/2-1/2

[Event "XV  MIEDZYNARODOWY FESTIWAL  SZACHOWY "]
[Site "Rewal"]
[Date "2010.08.27"]
[Round "8.15"]
[White "Pietruszewski, Marcin"]
[Black "Pietocha, Pawel"]
[Result "0-1"]
[WhiteElo "2098"]
[BlackElo "2113"]
[PlyCount "120"]
[EventDate "2010.??.??"]

1. e4 g6 2. d4 Bg7 3. Nc3 d5 4. Nf3 dxe4 5. Nxe4 Bg4 6. c3 Nf6 7. Bd3 O-O 8. h3
Be6 9. Nxf6+ Bxf6 10. Bh6 Re8 11. Qc2 Bg7 12. Bxg7 Kxg7 13. h4 h5 14. O-O-O Bg4
15. Be4 c6 16. d5 Qa5 17. Ne5 Bxd1 18. Rxd1 Qc7 19. f4 Nd7 20. Nxd7 Qxd7 21.
dxc6 Qc7 22. cxb7 Qxf4+ 23. Qd2 Qxd2+ 24. Rxd2 Rad8 25. Bc6 Rxd2 26. Kxd2 Rd8+
27. Ke3 f5 28. Bd7 Rb8 29. Bc8 Kf6 30. b4 Ke5 31. a4 Kd5 32. Kd3 e5 33. c4+ Kc6
34. b5+ Kb6 35. Kc3 a5 36. bxa6 Kxa6 37. c5 e4 38. Kd4 Ka7 39. a5 Rxb7 40. Bxb7
Kxb7 41. Ke3 Kc6 42. a6 Kc7 43. Kd4 Kc6 44. g3 Kc7 45. Kd5 e3 46. c6 e2 47. a7
e1=Q 48. a8=Q Qe4+ 49. Kc5 Qe5+ 50. Kc4 Qe6+ 51. Kc5 Qd6+ 52. Kc4 Qxc6+ 53.
Qxc6+ Kxc6 54. Kd4 Kd6 55. Ke3 Ke5 56. Kf3 f4 57. gxf4+ Kf5 58. Kg3 Ke4 59. f5
gxf5 60. Kg2 Kf4 0-1

[Event "XV  MIEDZYNARODOWY FESTIWAL  SZACHOWY "]
[Site "Rewal"]
[Date "2010.08.27"]
[Round "8.16"]
[White "Polok, Kacper"]
[Black "Jagodzinski, Piotr"]
[Result "1-0"]
[WhiteElo "2041"]
[BlackElo "2189"]
[PlyCount "51"]
[EventDate "2010.??.??"]

1. d4 Nf6 2. Nc3 d5 3. Bg5 c6 4. e3 Nbd7 5. Nf3 Ne4 6. Nxe4 dxe4 7. Nd2 Qa5 8.
Bh4 e5 9. Bc4 Nb6 10. Bb3 Bf5 11. O-O f6 12. f3 exd4 13. fxe4 dxe3 14. Rxf5
Qxd2 15. Qh5+ g6 16. Re5+ Kd7 17. Qg4+ Kc7 18. Re6 Bc5 19. Bg3+ Kd8 20. Qf3 e2+
21. Kh1 Kd7 22. Qg4 f5 23. exf5 Rae8 24. fxg6 Kd8 25. g7 Rhg8 26. Rxe8+ 1-0

[Event "XV  MIEDZYNARODOWY FESTIWAL  SZACHOWY "]
[Site "Rewal"]
[Date "2010.08.27"]
[Round "8.17"]
[White "Siedlinski, Piotr"]
[Black "Szczepkowska-horowska, Karina"]
[Result "1/2-1/2"]
[WhiteElo "2000"]
[BlackElo "2298"]
[PlyCount "106"]
[EventDate "2010.??.??"]

1. e4 e5 2. Nf3 Nf6 3. Nc3 Nc6 4. d4 exd4 5. Nxd4 Bb4 6. Nxc6 bxc6 7. Bd3 d5 8.
exd5 cxd5 9. O-O O-O 10. Bg5 c6 11. Qf3 Bd6 12. h3 Rb8 13. Rab1 h6 14. Bh4 Rb4
15. Bg3 Bxg3 16. Qxg3 Nh5 17. Qe5 Qg5 18. Qxg5 hxg5 19. Ne2 c5 20. c3 Rb6 21.
b4 cxb4 22. cxb4 Bd7 23. Rfc1 Rfb8 24. Rc7 Bb5 25. Bxb5 Rxb5 26. a3 R5b7 27.
Rbc1 Nf6 28. Nd4 Ne4 29. R1c6 Nd2 30. b5 Nc4 31. a4 Kf8 32. Rc5 Ke8 33. Rxb7
Rxb7 34. Rxd5 Rd7 35. Rxd7 Kxd7 36. Nc6 Nb6 37. Nxa7 Nxa4 38. Nc6 Kd6 39. Kh2
g6 40. Kg3 Nc3 41. Nd4 Kc5 42. Nc6 Nxb5 43. Ne5 Nd6 44. Kg4 Kd5 45. Nxg6 f6 46.
f4 gxf4 47. Kxf4 Ke6 48. g4 Kf7 49. Nh4 Nc4 50. Nf5 Ne5 51. Nd4 Kg6 52. Nf3
Nxf3 53. Kxf3 f5 1/2-1/2

[Event "XV  MIEDZYNARODOWY FESTIWAL  SZACHOWY "]
[Site "Rewal"]
[Date "2010.08.27"]
[Round "8.18"]
[White "Motyl, Tomasz"]
[Black "Sroka, Janusz"]
[Result "1/2-1/2"]
[WhiteElo "2015"]
[BlackElo "2148"]
[PlyCount "99"]
[EventDate "2010.??.??"]

1. g3 g6 2. Bg2 Bg7 3. e4 d6 4. Nc3 e5 5. d3 c6 6. f4 exf4 7. Bxf4 Qb6 8. Qc1
Nf6 9. Nf3 Ng4 10. Nd1 O-O 11. h3 Ne5 12. Nxe5 Bxe5 13. c3 Be6 14. d4 Bxf4 15.
Qxf4 d5 16. O-O dxe4 17. Nf2 Nd7 18. Nxe4 Bd5 19. Rf2 Rae8 20. Ng5 f6 21. Nf3
Rf7 22. b3 Nf8 23. Rd1 Re4 24. Qd2 Re8 25. c4 Bxf3 26. Bxf3 Qc7 27. Kg2 Ne6 28.
h4 Ng7 29. Qf4 Qxf4 30. gxf4 Nf5 31. Kh2 Nxh4 32. Bh1 Rfe7 33. d5 cxd5 34. Rxd5
Re2 35. Rd2 Rxf2+ 36. Rxf2 Re7 37. c5 Rc7 38. b4 a5 39. a3 Nf5 40. Rd2 axb4 41.
axb4 Ne7 42. Rd6 Kg7 43. Rb6 Nc6 44. b5 Na5 45. c6 bxc6 46. bxc6 Kh6 47. Bd5 f5
48. Ra6 Nxc6 49. Rxc6 Rxc6 50. Bxc6 1/2-1/2

[Event "XV  MIEDZYNARODOWY FESTIWAL  SZACHOWY "]
[Site "Rewal"]
[Date "2010.08.27"]
[Round "8.19"]
[White "Dobrowolski, Marcin"]
[Black "Wiewiora, Eneasz"]
[Result "1/2-1/2"]
[WhiteElo "1964"]
[BlackElo "2042"]
[PlyCount "41"]
[EventDate "2010.??.??"]

1. d4 Nf6 2. c4 g6 3. Nc3 Bg7 4. e4 d6 5. Nf3 O-O 6. Be2 e5 7. O-O Nc6 8. d5
Ne7 9. b4 Nh5 10. Re1 Nf4 11. Bf1 a5 12. b5 b6 13. Bxf4 exf4 14. Rc1 h6 15. e5
g5 16. e6 Ng6 17. Nd4 Ne5 18. Bd3 Qf6 19. Ne4 Qd8 20. Nc3 Qf6 21. Ne4 1/2-1/2

[Event "XV  MIEDZYNARODOWY FESTIWAL  SZACHOWY "]
[Site "Rewal"]
[Date "2010.08.27"]
[Round "8.20"]
[White "Reza, Wojciech"]
[Black "Spicak, Krzysztof"]
[Result "1/2-1/2"]
[WhiteElo "1940"]
[BlackElo "2026"]
[PlyCount "99"]
[EventDate "2010.??.??"]

1. d4 Nf6 2. Bg5 Ne4 3. Bf4 d5 4. Nd2 Bf5 5. e3 e6 6. Be2 Bd6 7. Bxd6 Qxd6 8.
c3 O-O 9. Ngf3 h6 10. O-O Nd7 11. Qb3 b6 12. Rfd1 Bg4 13. h3 Bh5 14. c4 f5 15.
cxd5 exd5 16. Rac1 Ndf6 17. Bb5 Bxf3 18. Nxf3 c5 19. dxc5 Nxc5 20. Qc2 Rad8 21.
Qxf5 Nfe4 22. Qh5 Kh7 23. Rc2 g6 24. Qe5 Rxf3 25. Qxd6 Nxd6 26. gxf3 Nxb5 27.
Rcd2 d4 28. exd4 Ne6 29. d5 Ng5 30. Kg2 Nd6 31. Rc1 Rd7 32. Rc6 Kg7 33. Rdc2
Ne8 34. Rc8 Kf7 35. Re2 Nf6 36. d6 Nd5 37. Ree8 Ne6 38. Rh8 Rxd6 39. Rxh6 Kf6
40. Rh7 Ndf4+ 41. Kg3 a5 42. Rc2 Ng7 43. Rh8 Nfe6 44. Rh4 b5 45. Rg4 Kf5 46. h4
Rd3 47. Rc3 Rd2 48. Rb3 b4 49. a3 bxa3 50. bxa3 1/2-1/2

[Event "XV  MIEDZYNARODOWY FESTIWAL  SZACHOWY "]
[Site "Rewal"]
[Date "2010.08.27"]
[Round "8.22"]
[White "Puczylowski, Marcin"]
[Black "Kastelik, Adrian"]
[Result "1/2-1/2"]
[WhiteElo "2034"]
[BlackElo "1942"]
[PlyCount "69"]
[EventDate "2010.??.??"]

1. e4 e5 2. Nf3 Nc6 3. d4 exd4 4. c3 d3 5. Bxd3 Bc5 6. O-O d6 7. c4 Nf6 8. h3
Ne5 9. Nc3 h6 10. a3 a5 11. b3 c6 12. Bb2 O-O 13. Bc2 Qe7 14. Qe2 Nxf3+ 15.
Qxf3 Nd7 16. Na4 Ba7 17. Kh1 Qh4 18. Rad1 b5 19. cxb5 cxb5 20. Nc3 Ne5 21. Qg3
Qxg3 22. fxg3 b4 23. axb4 axb4 24. Nd5 Ba6 25. Rf5 g6 26. Rf6 Bc5 27. Kh2 Bb7
28. Rxd6 Bxd6 29. Nf6+ Kg7 30. Rxd6 Nf3+ 31. gxf3 Ra2 32. Nh5+ Kg8 33. Nf6+ Kg7
34. Ne8+ Kg8 35. Nf6+ 1/2-1/2

[Event "XV  MIEDZYNARODOWY FESTIWAL  SZACHOWY "]
[Site "Rewal"]
[Date "2010.08.27"]
[Round "8.23"]
[White "Latocha, Aleksander"]
[Black "Sachryn, Krystian"]
[Result "1-0"]
[WhiteElo "1929"]
[BlackElo "1862"]
[PlyCount "61"]
[EventDate "2010.??.??"]

1. e4 c5 2. Nf3 g6 3. d4 Bg7 4. Be2 Qa5+ 5. Nc3 Nc6 6. Be3 cxd4 7. Nxd4 Qb4 8.
Ndb5 Qa5 9. O-O a6 10. Nd5 axb5 11. Bb6 Qa4 12. Bxb5 Qxe4 13. Nc7+ Kf8 14. Nxa8
Bxb2 15. Rb1 Be5 16. Re1 Qf5 17. Bxc6 bxc6 18. Rxe5 Qxe5 19. Bd4 Qa5 20. Bxh8
Qxa8 21. Qd4 f6 22. h3 Kf7 23. a4 d6 24. Qb4 Bf5 25. a5 Bxc2 26. Qc4+ d5 27.
Qxc2 Qxa5 28. Qxc6 Qa2 29. Rd1 d4 30. Qd7 Qe2 31. Qxd4 1-0

[Event "XV  MIEDZYNARODOWY FESTIWAL  SZACHOWY "]
[Site "Rewal"]
[Date "2010.08.27"]
[Round "8.24"]
[White "Mrozewicz, Ryszard"]
[Black "Mucha, Marcin"]
[Result "1-0"]
[WhiteElo "1669"]
[BlackElo "2088"]
[PlyCount "74"]
[EventDate "2010.??.??"]

1. d4 Nf6 2. Nf3 e6 3. Bg5 c5 4. e3 Qb6 5. Qc1 Ne4 6. Bf4 Nc6 7. c3 d5 8. Nbd2
f5 9. Be2 Be7 10. h3 Bd7 11. Ne5 Rc8 12. Ndf3 Nxe5 13. Bxe5 O-O 14. O-O Bb5 15.
Qc2 Bxe2 16. Qxe2 c4 17. Rfc1 a5 18. Rc2 Qd8 19. Rac1 b5 20. a3 Qb6 21. Nd2 Nf6
22. f4 b4 23. cxb4 axb4 24. axb4 Qxb4 25. g4 Nd7 26. Nf3 Ra8 27. gxf5 exf5 28.
Qg2 Rf7 29. Ng5 Nxe5 30. Nxf7 Nxf7 31. Qxd5 Re8 32. Qxc4 Qxc4 33. Rxc4 Nd6 34.
Rc7 Bh4 35. Rd7 Ne4 36. Rcc7 Nf6 37. Re7 Rd8 1-0

[Event "XV  MIEDZYNARODOWY FESTIWAL  SZACHOWY "]
[Site "Rewal"]
[Date "2010.08.28"]
[Round "9.1"]
[White "Cyborowski, Lukasz"]
[Black "Koziak, Vitali"]
[Result "1-0"]
[WhiteElo "2529"]
[BlackElo "2470"]
[PlyCount "99"]
[EventDate "2010.??.??"]

1. Nf3 f5 2. d3 Nf6 3. e4 d6 4. exf5 Bxf5 5. d4 e6 6. Bd3 Be7 7. O-O O-O 8. Re1
Qd7 9. c4 Bg4 10. h3 Bxf3 11. Qxf3 Nc6 12. Be3 Nb4 13. Qd1 Nxd3 14. Qxd3 Rae8
15. Nd2 d5 16. c5 c6 17. Bf4 Nh5 18. Be5 Nf4 19. Bxf4 Rxf4 20. Nf3 Bd8 21. Ne5
Qe7 22. g3 Rf5 23. Re3 Bc7 24. Nf3 Ref8 25. Rf1 e5 26. dxe5 Qxc5 27. Nd4 Rxe5
28. Rxe5 Bxe5 29. Ne6 Qd6 30. Nxf8 Qxf8 31. b3 g6 32. Qe3 Qd6 33. Re1 Bf6 34.
Qxa7 Qd7 35. Qb8+ Kf7 36. Qf4 d4 37. Rd1 c5 38. a4 Kg7 39. Qe4 b5 40. axb5 Qxb5
41. Rd3 h5 42. h4 Qd7 43. Kg2 Kf7 44. Rd2 Qb5 45. Qd5+ Kg7 46. Ra2 Qb6 47. Ra8
Qc7 48. Ra6 Qf7 49. Qxc5 Qxb3 50. Ra7+ 1-0

[Event "XV  MIEDZYNARODOWY FESTIWAL  SZACHOWY "]
[Site "Rewal"]
[Date "2010.08.28"]
[Round "9.3"]
[White "Jaracz, Barbara"]
[Black "Jaracz, Pawel"]
[Result "0-1"]
[WhiteElo "2280"]
[BlackElo "2541"]
[PlyCount "42"]
[EventDate "2010.??.??"]

1. e4 c5 2. Nf3 e6 3. d4 cxd4 4. Nxd4 Nc6 5. Nc3 Qc7 6. Be3 Bb4 7. Ndb5 Qb8 8.
a3 Be7 9. Qd2 a6 10. Nd4 Nf6 11. f3 b5 12. Nxc6 dxc6 13. O-O-O O-O 14. g4 b4
15. axb4 Qxb4 16. g5 Rb8 17. b3 Nd7 18. h4 Qa3+ 19. Kb1 Bb4 20. h5 Nb6 21. g6
Na4 0-1

[Event "XV  MIEDZYNARODOWY FESTIWAL  SZACHOWY "]
[Site "Rewal"]
[Date "2010.08.28"]
[Round "9.4"]
[White "Sharapov, Evgeny"]
[Black "Wandzik, Wojciech"]
[Result "1-0"]
[WhiteElo "2499"]
[BlackElo "2151"]
[PlyCount "57"]
[EventDate "2010.??.??"]

1. e4 c5 2. Nf3 e6 3. d4 cxd4 4. Nxd4 Nf6 5. Nc3 Nc6 6. Ndb5 Bc5 7. Bf4 O-O 8.
Bc7 Qe7 9. Bd6 Bxd6 10. Qxd6 Ne8 11. Qxe7 Nxe7 12. O-O-O f5 13. f3 fxe4 14.
fxe4 Nc6 15. Na3 Kf7 16. Nc4 Ke7 17. e5 b6 18. a4 Ba6 19. Nb5 Rf2 20. Rd2 Rxd2
21. Kxd2 Rc8 22. Ncd6 Rd8 23. Nxe8 Bxb5 24. axb5 Kxe8 25. bxc6 dxc6+ 26. Bd3
Rd5 27. Re1 Ke7 28. c4 Rd4 29. Re4 1-0

[Event "XV  MIEDZYNARODOWY FESTIWAL  SZACHOWY "]
[Site "Rewal"]
[Date "2010.08.28"]
[Round "9.5"]
[White "Janaszak, Dawid"]
[Black "Brodowski, Piotr"]
[Result "1/2-1/2"]
[WhiteElo "2318"]
[BlackElo "2421"]
[PlyCount "55"]
[EventDate "2010.??.??"]

1. e4 c5 2. Nf3 Nc6 3. Bb5 g6 4. Bxc6 dxc6 5. h3 Bg7 6. d3 e5 7. Nc3 Ne7 8. Be3
b6 9. Qd2 Qd6 10. O-O-O h6 11. Nh2 Be6 12. f4 O-O-O 13. fxe5 Bxe5 14. Nf3 Bg7
15. Bf4 Qd7 16. Be5 f6 17. Bh2 g5 18. Kb1 Ng6 19. Rhe1 Ne5 20. Qe3 Nxf3 21.
Qxf3 Kb7 22. Ne2 f5 23. exf5 Bxf5 24. Ng3 Be6 25. Nh5 Rhf8 26. Qe4 Rfe8 27. Qh7
Bh8 28. Qxd7+ 1/2-1/2

[Event "XV  MIEDZYNARODOWY FESTIWAL  SZACHOWY "]
[Site "Rewal"]
[Date "2010.08.28"]
[Round "9.6"]
[White "Adamski, Jan"]
[Black "Skawinski, Arkadiusz"]
[Result "1/2-1/2"]
[WhiteElo "2287"]
[BlackElo "2233"]
[PlyCount "61"]
[EventDate "2010.??.??"]

1. c4 c6 2. Nf3 Nf6 3. d4 d5 4. e3 Bg4 5. cxd5 Bxf3 6. gxf3 cxd5 7. Qb3 Qd7 8.
Nc3 e6 9. Bd2 Nc6 10. Rc1 Bd6 11. Be2 O-O 12. f4 Rfc8 13. f3 a6 14. Na4 Bc7 15.
Nc5 Qe7 16. Qxb7 Na5 17. Bxa5 Bxa5+ 18. Kf2 Qd8 19. Nxa6 Nh5 20. b4 Bb6 21.
Rhd1 g6 22. a4 Kg7 23. a5 Qh4+ 24. Kg1 Rxc1 25. Rxc1 Nxf4 26. Bf1 Qg5+ 27. Kf2
Qh4+ 28. Kg1 Qg5+ 29. Kf2 Qh4+ 30. Kg1 Qg5+ 31. Kf2 1/2-1/2

[Event "XV  MIEDZYNARODOWY FESTIWAL  SZACHOWY "]
[Site "Rewal"]
[Date "2010.08.28"]
[Round "9.7"]
[White "Andrenko, Irina"]
[Black "Obrusnik, Michal"]
[Result "1/2-1/2"]
[WhiteElo "2133"]
[BlackElo "2196"]
[PlyCount "60"]
[EventDate "2010.??.??"]

1. e4 c5 2. Nc3 a6 3. g3 b5 4. Bg2 Bb7 5. d3 e6 6. f4 d5 7. e5 Nc6 8. Nf3 Nh6
9. O-O Nf5 10. g4 Nh4 11. Nxh4 Qxh4 12. Bd2 Qd8 13. Be1 Be7 14. Bg3 Bh4 15. Ne2
Bxg3 16. Nxg3 Qe7 17. c3 O-O-O 18. a4 g5 19. axb5 axb5 20. d4 cxd4 21. cxd4 f6
22. fxg5 fxe5 23. dxe5 Qxg5 24. Qe2 Qxe5 25. Qxb5 Rd7 26. Ra6 Rc7 27. Rb6 Qe3+
28. Kh1 Nd4 29. Qb4 Nc6 30. Qb5 Nd4 1/2-1/2

[Event "XV  MIEDZYNARODOWY FESTIWAL  SZACHOWY "]
[Site "Rewal"]
[Date "2010.08.29"]
[Round "9.9"]
[White "Klim, Kamil"]
[Black "Piesik, Piotr"]
[Result "1-0"]
[WhiteElo "2245"]
[BlackElo "2264"]
[PlyCount "83"]
[EventDate "2010.??.??"]

1. d4 c5 2. d5 e5 3. e4 d6 4. c4 Be7 5. Nc3 Bg5 6. g3 a6 7. h4 Bxc1 8. Rxc1 Ne7
9. Bh3 Nd7 10. Nge2 O-O 11. Qd3 Nf6 12. Bxc8 Qxc8 13. a4 Kh8 14. f3 h5 15. Qe3
Nh7 16. O-O Ng6 17. Kg2 Qd7 18. Rb1 Rac8 19. Ng1 Ne7 20. Nh3 f5 21. f4 Ng6 22.
fxe5 Nxe5 23. Nf4 Rf7 24. Ne6 fxe4 25. Qxe4 Nf8 26. Ng5 Rf6 27. Qe2 Ng4 28.
Nce4 Re8 29. Qd3 Rf5 30. Rxf5 Qxf5 31. Rf1 Qg6 32. Nf7+ Kg8 33. Nfxd6 Re7 34.
Kg1 Ne5 35. Qc3 Ng4 36. Qf3 Nd7 37. Nf5 Re5 38. Qf4 b6 39. Qxe5 Ndxe5 40. Ne7+
Kh7 41. Nxg6 Kxg6 42. b3 1-0

[Event "XV  MIEDZYNARODOWY FESTIWAL  SZACHOWY "]
[Site "Rewal"]
[Date "2010.08.28"]
[Round "9.12"]
[White "Hansson, Hakan"]
[Black "Sowul, Bartosz"]
[Result "0-1"]
[WhiteElo "2114"]
[BlackElo "2128"]
[PlyCount "120"]
[EventDate "2010.??.??"]

1. d4 c5 2. e3 cxd4 3. exd4 Nf6 4. Nf3 g6 5. g3 Bg7 6. Bg2 O-O 7. O-O d5 8. c3
Nc6 9. Bf4 Ne4 10. Nbd2 Bg4 11. Qc2 Bxf3 12. Bxf3 Nxd2 13. Qxd2 e6 14. Rfe1 b5
15. Be3 a5 16. a4 b4 17. c4 Qf6 18. cxd5 Qxf3 19. dxc6 Qxc6 20. Rec1 Qd7 21.
Rc4 Ra6 22. b3 Rd6 23. Rac1 e5 24. d5 Rxd5 25. Qc2 h5 26. Rc7 Qg4 27. Qc4 Qf3
28. Rc8 Rxc8 29. Qxc8+ Kh7 30. Qc4 Bf6 31. h4 Kg7 32. Kh2 Rd1 33. Rxd1 Qxd1 34.
Bb6 Bd8 35. Bxd8 Qxd8 36. Kg2 Qa8+ 37. Kg1 Kf6 38. Qd3 Qc6 39. Kf1 Ke6 40. Ke2
e4 41. Qd8 Qc2+ 42. Ke1 Qxb3 43. Qe8+ Kf6 44. Qh8+ Kf5 45. Qc8+ Qe6 46. Qc5+
Qe5 47. Qc8+ Qe6 48. Qc5+ Kf6 49. Qxa5 Qc4 50. Qb6+ Kg7 51. a5 b3 52. a6 Qc1+
53. Ke2 b2 54. a7 Qc2+ 55. Ke3 Qd3+ 56. Kf4 Qf3+ 57. Ke5 Qf5+ 58. Kd6 Qe6+ 59.
Kc5 Qxb6+ 60. Kxb6 b1=Q+ 0-1

[Event "XV  MIEDZYNARODOWY FESTIWAL  SZACHOWY "]
[Site "Rewal"]
[Date "2010.08.28"]
[Round "9.15"]
[White "Szczepkowska-horowska, Karina"]
[Black "Dobrowolski, Marcin"]
[Result "1/2-1/2"]
[WhiteElo "2298"]
[BlackElo "1964"]
[PlyCount "84"]
[EventDate "2010.??.??"]

1. c4 Nf6 2. Nc3 g6 3. g3 Bg7 4. Bg2 O-O 5. d3 d6 6. Nf3 e5 7. O-O Re8 8. e4 c6
9. d4 Nbd7 10. d5 Nc5 11. Re1 a5 12. b3 Qc7 13. Rb1 Bd7 14. Bb2 cxd5 15. Nxd5
Nxd5 16. cxd5 Bb5 17. Bf1 Bxf1 18. Kxf1 Bh6 19. Bc1 Bxc1 20. Rxc1 Qd7 21. Kg2
f5 22. exf5 Qxf5 23. Re3 Rf8 24. Rc2 e4 25. Ne1 Rae8 26. Rd2 Re5 27. Qe2 Qf7
28. a3 Rxd5 29. b4 axb4 30. axb4 Rxd2 31. Qxd2 Nd7 32. Rxe4 Nf6 33. Rf4 Qe6 34.
Nf3 Ne4 35. Rxf8+ Kxf8 36. Qd4 Nf6 37. Kg1 Ke7 38. Qc3 Qd5 39. Nd4 Nd7 40. Nf3
Ne5 41. Qc7+ Nd7 42. Qc3 Ne5 1/2-1/2

[Event "XV  MIEDZYNARODOWY FESTIWAL  SZACHOWY "]
[Site "Rewal"]
[Date "2010.08.28"]
[Round "9.16"]
[White "Robak, Zbigniew"]
[Black "Motyl, Tomasz"]
[Result "1-0"]
[WhiteElo "2278"]
[BlackElo "2015"]
[PlyCount "81"]
[EventDate "2010.??.??"]

1. e4 g6 2. d4 d6 3. c3 Nf6 4. Nd2 e5 5. dxe5 dxe5 6. Ngf3 Nbd7 7. Bc4 Bh6 8.
h4 Nb6 9. Bb3 O-O 10. h5 Nxh5 11. Nxe5 Qe7 12. Rxh5 gxh5 13. Qxh5 Qg5 14. Bxf7+
Kg7 15. Nb3 Qxh5 16. Bxh5 Bxc1 17. Rxc1 Nd7 18. Nxd7 Bxd7 19. Nc5 Bc8 20. Rd1
b6 21. Nb3 c5 22. Nc1 Ba6 23. Rd7+ Kh6 24. g4 Bb5 25. Rd6+ Kg5 26. Ne2 Bxe2 27.
Kxe2 Rad8 28. Re6 Rd7 29. Ke3 Rfd8 30. Re5+ Kf6 31. Kf4 Kg7 32. g5 Rf8+ 33. Ke3
Rfd8 34. Be2 Rd2 35. Re7+ Kg6 36. f4 R8d7 37. Re6+ Kg7 38. f5 Rxb2 39. Bh5 Rd8
40. f6+ Kf8 41. f7 1-0

[Event "XV  MIEDZYNARODOWY FESTIWAL  SZACHOWY "]
[Site "Rewal"]
[Date "2010.08.28"]
[Round "9.17"]
[White "Sroka, Janusz"]
[Black "Siedlinski, Piotr"]
[Result "0-1"]
[WhiteElo "2148"]
[BlackElo "2000"]
[PlyCount "114"]
[EventDate "2010.??.??"]

1. a3 e5 2. e4 Nc6 3. d3 Nf6 4. Nf3 d5 5. Nbd2 Be6 6. Be2 h6 7. c3 dxe4 8. dxe4
Be7 9. O-O O-O 10. Qc2 a5 11. a4 Bc5 12. Nc4 Nd7 13. Ne3 Bxe3 14. Bxe3 Qe7 15.
Bb5 Na7 16. Be2 b6 17. Nd2 Rfd8 18. Nc4 Nc6 19. Na3 Nc5 20. Bxc5 Qxc5 21. Rfd1
Kf8 22. Rxd8+ Rxd8 23. Rd1 Rd6 24. Rxd6 Qxd6 25. Bc4 Bxc4 26. Nxc4 Qd7 27. Ne3
Ne7 28. g3 g6 29. Nc4 Nc6 30. Qe2 h5 31. h4 f6 32. Ne3 Ne7 33. Qf3 Kg7 34. g4
hxg4 35. Nxg4 Ng8 36. Ne3 Qxa4 37. h5 Qe8 38. Nd5 gxh5 39. Nxc7 Qg6+ 40. Kh2
Ne7 41. Qh3 Qxe4 42. Qxh5 Qg6 43. Qxg6+ Kxg6 44. Kg3 Kf5 45. Kf3 e4+ 46. Ke3
Ke5 47. c4 f5 48. b3 Nc8 49. Nb5 Nd6 50. Nc3 Nb7 51. Na4 Nc5 52. Nxb6 f4+ 53.
Ke2 Nxb3 54. Kd1 Kd4 55. Nd5 f3 56. Ne3 Kd3 57. Ke1 a4 0-1

[Event "XV  MIEDZYNARODOWY FESTIWAL  SZACHOWY "]
[Site "Rewal"]
[Date "2010.08.28"]
[Round "9.18"]
[White "Nasuta, Grzegorz"]
[Black "Reza, Wojciech"]
[Result "1-0"]
[WhiteElo "2102"]
[BlackElo "1940"]
[PlyCount "119"]
[EventDate "2010.??.??"]

1. e4 c6 2. d4 d6 3. Nc3 e5 4. Nf3 Qc7 5. h3 Nf6 6. Bg5 Nbd7 7. Bd3 Be7 8. O-O
Nf8 9. Bh4 Ng6 10. Bg3 h5 11. Ne2 h4 12. Bh2 Nh5 13. Qd2 Bf6 14. c3 Qe7 15. b4
Be6 16. Rfc1 O-O 17. c4 Rad8 18. c5 Bc8 19. Qc2 dxc5 20. bxc5 Rfe8 21. dxe5
Nxe5 22. Nxe5 Bxe5 23. Bxe5 Qxe5 24. f4 Qf6 25. e5 Qh6 26. Rcb1 Re7 27. Rb2 Be6
28. Be4 Bd5 29. Kh2 Bxe4 30. Qxe4 Nf6 31. Qa4 Nd5 32. Qxa7 Qg6 33. Qa3 Qe4 34.
Qf3 Qc4 35. Rc1 Qa4 36. Qg4 Ra8 37. Qxh4 Rxe5 38. Qf2 Re4 39. f5 Rae8 40. Nc3
Nxc3 41. Rxc3 Rf4 42. Rf3 Rxf3 43. Qxf3 Qd4 44. Rxb7 Qxc5 45. Qf4 f6 46. Qg3
Qf8 47. a4 c5 48. a5 c4 49. a6 Rc8 50. a7 c3 51. Rc7 Ra8 52. Qxc3 Qd6+ 53. Qg3
Qxg3+ 54. Kxg3 Kh7 55. Kf4 Rd8 56. Ke4 Kh6 57. g4 Re8+ 58. Kd4 Rd8+ 59. Kc5 g6
60. fxg6 1-0

[Event "XV  MIEDZYNARODOWY FESTIWAL  SZACHOWY "]
[Site "Rewal"]
[Date "2010.08.28"]
[Round "9.19"]
[White "Wiewiora, Eneasz"]
[Black "Pietruszewski, Marcin"]
[Result "1-0"]
[WhiteElo "2042"]
[BlackElo "2098"]
[PlyCount "87"]
[EventDate "2010.??.??"]

1. d4 d5 2. c4 c6 3. Nf3 Nf6 4. e3 Bf5 5. Nc3 e6 6. Nh4 Bg4 7. Qb3 Qb6 8. h3
Bh5 9. g4 Bg6 10. Nxg6 hxg6 11. g5 Nfd7 12. Bd2 dxc4 13. Bxc4 Qxb3 14. Bxb3 Na6
15. Ke2 c5 16. d5 e5 17. Nb5 Be7 18. e4 Nb6 19. Na3 Bd6 20. Nc4 Nxc4 21. Bxc4
Nc7 22. a4 Ke7 23. Kf3 Rh5 24. Rae1 f5 25. gxf6+ gxf6 26. Kg3 Rhh8 27. f3 b6
28. Kg2 a5 29. Bd3 Ne8 30. b3 Ng7 31. Reg1 Nh5 32. Rc1 Nf4+ 33. Bxf4 exf4 34.
Rhe1 Rh5 35. Bf1 Be5 36. Kh2 Bd4 37. Re2 Rg5 38. Bg2 Rg3 39. Rd1 Kd6 40. Ree1
g5 41. Rf1 Be5 42. Kh1 g4 43. fxg4 f3 44. Rxf3 1-0

[Event "XV  MIEDZYNARODOWY FESTIWAL  SZACHOWY "]
[Site "Rewal"]
[Date "2010.08.28"]
[Round "9.20"]
[White "Spicak, Krzysztof"]
[Black "Puczylowski, Marcin"]
[Result "1-0"]
[WhiteElo "2026"]
[BlackElo "2034"]
[PlyCount "92"]
[EventDate "2010.??.??"]

1. d4 e6 2. c4 Bb4+ 3. Bd2 Qe7 4. a3 Bxd2+ 5. Qxd2 a5 6. Nc3 Nf6 7. e4 d6 8. f4
e5 9. fxe5 dxe5 10. d5 Na6 11. Bd3 Nc5 12. Bc2 Ncxe4 13. Nxe4 Nxe4 14. Qe3 Nd6
15. c5 Nc4 16. Ba4+ c6 17. Qf2 Nxb2 18. Qxb2 Qh4+ 19. Kf1 Qf4+ 20. Nf3 O-O 21.
Bd1 cxd5 22. Qxe5 Qc4+ 23. Be2 Qxc5 24. Qd4 Qxd4 25. Nxd4 Re8 26. Kf2 Re4 27.
Nb5 Bd7 28. Nc7 Rc8 29. Rac1 Rd8 30. Rhd1 Bc6 31. Nxd5 Rde8 32. Bf3 Ra4 33.
Ne7+ Rxe7 34. Bxc6 Rf4+ 35. Kg3 g5 36. Bf3 Re3 37. Rd5 f5 38. Rd7 Re8 39. Rcc7
Rh4 40. Bd5+ Kh8 41. h3 b5 42. Rb7 b4 43. axb4 axb4 44. Rg7 Rh5 45. Rbf7 f4+
46. Kf2 Re5 1-0

[Event "XV  MIEDZYNARODOWY FESTIWAL  SZACHOWY "]
[Site "Rewal"]
[Date "2010.08.28"]
[Round "9.22"]
[White "Kastelik, Adrian"]
[Black "Jagodzinski, Piotr"]
[Result "0-1"]
[WhiteElo "1942"]
[BlackElo "2189"]
[PlyCount "104"]
[EventDate "2010.??.??"]

1. e4 c6 2. d4 d5 3. Nc3 a6 4. a4 e6 5. Nf3 Nf6 6. Bg5 Be7 7. e5 Nfd7 8. Bxe7
Qxe7 9. Bd3 c5 10. dxc5 Qxc5 11. O-O Nc6 12. Re1 Qb4 13. Qc1 h6 14. Ra3 Nd4 15.
Nxd4 Qxd4 16. Qd2 Qc5 17. Nb1 O-O 18. b4 Qe7 19. a5 b6 20. c3 Bb7 21. axb6 Nxb6
22. Qe2 d4 23. Bxa6 dxc3 24. b5 Nd5 25. Bxb7 Qxb7 26. Rxa8 Rxa8 27. g3 Qc7 28.
Rc1 Ra1 29. Qe1 c2 30. Nd2 Rxc1 31. Qxc1 Nb4 32. Nb3 Qc4 33. Qa3 Qxb3 34. Qxb3
c1=Q+ 35. Kg2 Qc5 36. f4 Qxb5 37. Qe3 Nd5 38. Qe1 Qb4 39. Qc1 Qc3 40. Qb1 Qc2+
41. Qxc2 Ne3+ 42. Kf3 Nxc2 43. Ke4 Nb4 44. g4 Nd5 45. f5 g5 46. fxe6 fxe6 47.
Kf3 Kf7 48. Kg3 Ke7 49. h4 Kd7 50. hxg5 hxg5 51. Kf3 Kc6 52. Kg3 Kc5 0-1